Rock en Rusia : la música que estremeció el Kremlin /
Serie que en cada volumen se ocupa de alguna de las grandes figuras de la música popular, haciendo una reconstrucción vital y creativa de la trayectoria del sujeto. Rastrea en cada caso el origen familiar y el contexto socio-histórico en que el biografiado comenzó a experimentar con la música, para...
Na minha lista:
| Autor principal: | |
|---|---|
| Formato: | Livro |
| Idioma: | espanhol |
| Publicado em: |
Madrid, España :
Cátedra,
1991, c1991
|
| Colecção: | (Rock Pop ;
16) |
| Assuntos: | |
| Tags: |
Sem tags, seja o primeiro a adicionar uma tag!
|
MARC
| LEADER | 00000nam^a2200000^a^4500 | ||
|---|---|---|---|
| 001 | 000152009 | ||
| 005 | 20250521000000.0 | ||
| 009 | 20260310100231.301 | ||
| 020 | |a 84-376-1030-3 | ||
| 037 | |a Acervo ITESO - Biblioteca | ||
| 041 | |a ESP | ||
| 082 | |a 787. 1 |b ROC V. 16 | ||
| 100 | |a Escotet, Marta |e (autor) | ||
| 245 | 1 | 0 | |a Rock en Rusia : |b la música que estremeció el Kremlin / |c M. Escotet. |
| 264 | 4 | |a Madrid, España : |b Cátedra, |c 1991, c1991 | |
| 300 | |a 180 p. | ||
| 336 | |a texto |b txt |2 rdacontenido | ||
| 337 | |a sin mediación |b n |2 rdamedio | ||
| 338 | |a volumen |b nc |2 rdasoporte | ||
| 440 | 1 | |a (Rock Pop ; |v 16) | |
| 520 | |a Serie que en cada volumen se ocupa de alguna de las grandes figuras de la música popular, haciendo una reconstrucción vital y creativa de la trayectoria del sujeto. Rastrea en cada caso el origen familiar y el contexto socio-histórico en que el biografiado comenzó a experimentar con la música, para ocuparse luego de las características artísticas de su trabajo, de su relación con la fama y de su postura frente a situaciones políticas concretas. Los textos incluyen al final una discografía y bibliografía del sujeto. | ||
| 649 | |a XX | ||
| 650 | |a Banda (de Jazz, Rock, etc.) | ||
| 650 | |a Rock - |z Rusia - |x Historia y Crítica | ||
| 650 | |a Rock - |x Historia y Crítica | ||
| 650 | |a Música Popular Moderna - |y Siglo XX | ||
| 650 | |a Música Popular Moderna - |z Rusia - |x Historia y Crítica | ||
| 650 | |a Música Popular Moderna - |x Historia y Crítica | ||
| 650 | |a Música Rusa - |y Siglo XX | ||
| 650 | |a Música Rusa - |x Historia y Crítica | ||
| 910 | |a Fondo General | ||
| 920 | |a Impresos - Libros | ||
| 930 | |a Colección General | ||
| 905 | |a 101 | ||
| 901 | |a 0500081496 |b IT1 |c ACC |u 20250521 | ||
| 902 | |a https://opac.biblio.iteso.mx/vufind/Record/000152009 | ||